[Event "NM for klubblag 2018"]
[Site "Quality Hotel Edvard Grieg, Bergen"]
[Date "2018.05.10"]
[Round "6"]
[White "Hammerstad, Asmund"]
[Black "Kaasen, Tor Fredrik"]
[Result "0-1"]
[WhiteElo "2211"]
[BlackElo "2369"]
[PlyCount "78"]
[EventDate "2018.??.??"]

1. d4 Nf6 2. c4 g6 3. Nc3 Bg7 4. e4 d6 5. Nf3 O-O 6. Be2 e5 7. O-O Nc6 8. Be3
Ng4 9. Bg5 f6 10. Bc1 f5 11. dxe5 dxe5 12. Qxd8 Rxd8 13. Bg5 Rf8 14. h3 Nf6 15.
exf5 gxf5 16. Rfd1 h6 17. Be3 Be6 18. b4 e4 19. Nd4 Nxd4 20. Bxd4 c6 21. b5
Rfd8 22. Rac1 Rd7 23. bxc6 bxc6 24. Be3 Rb8 25. Rxd7 Nxd7 26. Nd1 Ne5 27. Bxa7
Ra8 28. Be3 Rxa2 29. Nc3 Rb2 30. c5 Nd3 31. Bxd3 exd3 32. Nd1 Rc2 33. Rb1 d2
34. Kh2 Ba2 35. Rb8+ Kh7 36. Rd8 Bd5 37. Rd7 Kg8 38. Rd8+ Kf7 39. Rd7+ Kf8
0-1

[Event "NM for klubblag 2018"]
[Site "Quality Hotel Edvard Grieg, Bergen"]
[Date "2018.05.10"]
[Round "6"]
[White "Hauge, Lars Oskar"]
[Black "Haug, Johannes"]
[Result "1/2-1/2"]
[WhiteElo "2433"]
[BlackElo "2387"]
[PlyCount "127"]
[EventDate "2018.??.??"]

1. Nf3 Nf6 2. d4 e6 3. Bf4 d5 4. e3 c5 5. c3 Nc6 6. Nbd2 Bd6 7. Bg3 O-O 8. Bd3
b6 9. e4 Be7 10. e5 Nh5 11. Ng5 Bxg5 12. Qxh5 g6 13. Qe2 cxd4 14. h4 Bh6 15. h5
Bg7 16. Nf3 dxc3 17. bxc3 Bd7 18. hxg6 hxg6 19. Qe3 Qe7 20. Bh4 Qa3 21. O-O Qc5
22. Qf4 f5 23. exf6 Qxc3 24. Bxg6 Rxf6 25. Bxf6 Qxf6 26. Qxf6 Bxf6 27. Rac1 Kf8
28. Bd3 Ke7 29. Bb5 Kd6 30. Rfd1 a6 31. Bxc6 Bxc6 32. Nd2 Kd7 33. Nc4 Rb8 34.
f4 Ba4 35. Rd2 Ke7 36. Ne5 Kd6 37. Re1 Be8 38. g4 b5 39. g5 Bxe5 40. fxe5+ Kd7
41. Rh2 Bg6 42. Rh6 Rg8 43. Kf2 Bf5 44. Rg1 d4 45. Rh4 d3 46. Ke3 Kc6 47. Rd4
Kc5 48. Rc1+ Kb6 49. Kf4 Rh8 50. Rd6+ Ka5 51. Rcc6 Kb4 52. Rd4+ Ka3 53. Rxa6+
Kb2 54. Rdd6 Rh4+ 55. Kf3 Rh3+ 56. Kg2 Rh5 57. Rab6 Rxg5+ 58. Kf2 Rh5 59. Rxb5+
Kc2 60. Rc6+ Kd2 61. Rb2+ Kd1 62. Rb1+ Kd2 63. Rb2+ Kd1 64. Rb1+
1/2-1/2

[Event "NM for klubblag 2018"]
[Site "Quality Hotel Edvard Grieg, Bergen"]
[Date "2018.05.10"]
[Round "6"]
[White "Hovden, Hans"]
[Black "Lexander, Harald"]
[Result "0-1"]
[WhiteElo "1767"]
[BlackElo "1378"]
[PlyCount "50"]
[EventDate "2018.??.??"]

1. c4 e6 2. Nc3 d5 3. cxd5 exd5 4. d4 Be7 5. g3 Nf6 6. Bg2 c6 7. Nf3 Bf5 8. O-O
O-O 9. a3 a5 10. Bd2 Nbd7 11. Rc1 Re8 12. Na4 h6 13. b4 axb4 14. axb4 b5 15.
Nc5 Nxc5 16. dxc5 Ne4 17. Nd4 Qd7 18. Nxf5 Qxf5 19. Qc2 Qe6 20. Bxe4 dxe4 21.
Ra1 Bf6 22. Bc3 Qc4 23. Rxa8 Rxa8 24. Rc1 Ra2 25. Qb1 Qxe2
0-1

[Event "NM for klubblag 2018"]
[Site "Quality Hotel Edvard Grieg, Be"]
[Date "2018.05.10"]
[Round "6"]
[White "Kakushadze, Ilia"]
[Black "Pedersen, Per Tore"]
[Result "1-0"]
[WhiteElo "2160"]
[BlackElo "1619"]
[PlyCount "47"]
[EventDate "2018.??.??"]

1. e4 c5 2. Nf3 d6 3. d4 cxd4 4. Nxd4 Nf6 5. Nc3 g6 6. Be3 Bg7 7. f3 O-O 8. Qd2
Nc6 9. O-O-O Bd7 10. h4 h5 11. Be2 Ne5 12. Rdg1 Rc8 13. Kb1 Nc4 14. Bxc4 Rxc4
15. g4 hxg4 16. h5 Nxh5 17. fxg4 Bxg4 18. Rxg4 Qd7 19. Rg5 Rfc8 20. Rhxh5 gxh5
21. Nf5 Rxc3 22. Rxg7+ Kf8 23. Rg8+ Kxg8 24. Qg2+ 1-0

[Event "NM for klubblag 2018"]
[Site "Quality Hotel Edvard Grieg, Be"]
[Date "2018.05.10"]
[Round "6"]
[White "Kizatbay, Abyl"]
[Black "SÃ¦tre, Roger"]
[Result "1-0"]
[WhiteElo "2047"]
[BlackElo "1825"]
[PlyCount "51"]
[EventDate "2018.??.??"]

1. e4 e6 2. d4 d5 3. Bd3 Nf6 4. e5 Nfd7 5. Nf3 b6 6. Qe2 c5 7. c3 Bb7 8. O-O
Qc8 9. Ng5 h6 10. Qh5 hxg5 11. Qxh8 Nc6 12. Na3 a6 13. Nc2 cxd4 14. cxd4 Ncxe5
15. dxe5 Nxe5 16. Ne1 Nxd3 17. Nxd3 Qc2 18. Qh7 g6 19. Ne5 Qf5 20. Re1 Bd6 21.
Bxg5 Bxe5 22. Rxe5 Qxe5 23. Qg8+ Kd7 24. Qxf7+ Kc6 25. Rc1+ Kb5 26. Qd7+ 1-0

[Event "NM for klubblag 2018"]
[Site "Quality Hotel Edvard Grieg, Be"]
[Date "2018.05.10"]
[Round "6"]
[White "Kristoffersen, Arne Skodvin"]
[Black "Shehzad, Shazil"]
[Result "1-0"]
[WhiteElo "1776"]
[BlackElo "1921"]
[PlyCount "109"]
[EventDate "2018.??.??"]

1. d4 Nf6 2. c4 c5 3. d5 b5 4. cxb5 a6 5. b6 Qxb6 6. Nc3 d6 7. h3 g6 8. e4 Bg7
9. a4 a5 10. Bb5+ Bd7 11. Qe2 O-O 12. Nf3 Bxb5 13. Nxb5 Na6 14. O-O Ne8 15. Bg5
f6 16. Bf4 Nec7 17. Nc3 Nb4 18. Nd2 Rab8 19. Nc4 Qa6 20. Rfc1 f5 21. Nb5 Nxb5
22. axb5 Qxb5 23. Rxa5 Qd7 24. Bd2 fxe4 25. Qxe4 Qc7 26. Bc3 Bf6 27. Re1 Rbe8
28. Rb5 Kg7 29. Ra1 Rb8 30. Rba5 Rb7 31. Ra8 Rf7 32. Qe6 Qd7 33. Bxf6+ exf6 34.
Nxd6 Re7 35. Qg8+ Kh6 36. Qf8+ Kh5 37. g4+ Kg5 38. Nxb7 Qxb7 39. R8a7 Qxa7 40.
Rxa7 Rxa7 41. Qxc5 Ra1+ 42. Kg2 Nd3 43. Qe3+ Nf4+ 44. Kf3 f5 45. Qxf4+ Kf6 46.
Qd6+ Kg5 47. Qe7+ Kh6 48. d6 fxg4+ 49. hxg4 Ra6 50. g5+ Kh5 51. d7 h6 52. d8=Q
Rc6 53. Qe4 Rc4 54. Qxc4 hxg5 55. Qh8# 1-0

[Event "NM for klubblag 2018"]
[Site "Quality Hotel Edvard Grieg, Be"]
[Date "2018.05.10"]
[Round "6"]
[White "Omtvedt, Per"]
[Black "Lund, Terje"]
[Result "0-1"]
[WhiteElo "1883"]
[BlackElo "2107"]
[PlyCount "48"]
[EventDate "2018.??.??"]

1. e4 c5 2. Nc3 Nc6 3. g3 g6 4. Bg2 Bg7 5. d3 e6 6. Be3 d6 7. Qd2 Nge7 8. Bh6
Bxh6 9. Qxh6 Nd4 10. Qd2 b5 11. Nd1 Bb7 12. c3 Ndc6 13. Ne2 d5 14. exd5 Nxd5
15. Ne3 Ne5 16. O-O-O Nxe3 17. Bxb7 Nxd1 18. Bxa8 Nxf2 19. Be4 Nxh1 20. Bxh1
Qxd3 21. Bc6+ Ke7 22. Qxd3 Nxd3+ 23. Kc2 Ne5 24. Bxb5 Rd8 0-1

[Event "NM for klubblag 2018"]
[Site "Quality Hotel Edvard Grieg, Bergen"]
[Date "2018.05.10"]
[Round "6"]
[White "Løbersli, Henrik Øie"]
[Black "Ranaldi, Lucas"]
[Result "1-0"]
[WhiteElo "2118"]
[BlackElo "2251"]
[PlyCount "113"]
[EventDate "2018.??.??"]

1. e4 c6 2. d4 d5 3. e5 Bf5 4. Nf3 e6 5. Be2 c5 6. Be3 Qb6 7. Nc3 Qxb2 8. Nb5
c4 9. Rb1 Qxc2 10. Qxc2 Bxc2 11. Rb2 Bg6 12. Nc7+ Kd7 13. Nxa8 Kc8 14. Nh4 Ba3
15. Nxg6 hxg6 16. Rb5 Nd7 17. O-O b6 18. Rfb1 Kb7 19. Ra5 Be7 20. Nc7 Kxc7 21.
Rxa7+ Kc6 22. Bd1 b5 23. Bd2 Nh6 24. Ba5 Rc8 25. Ba4 bxa4 26. Ra6+ Nb6 27.
Rbxb6+ Kd7 28. Rb7+ Ke8 29. Raa7 Bf8 30. Bc3 a3 31. Kf1 Nf5 32. Ke2 Nh6 33. h3
Nf5 34. g3 Nh6 35. g4 Ng8 36. Rxf7 Ne7 37. Rxf8+ Kxf8 38. Bb4 Rb8 39. Bxe7+ Kg8
40. Bxa3 Rb1 41. h4 Ra1 42. Bd6 Rb1 43. Ra8+ Kh7 44. Rb8 Ra1 45. Rb2 Rh1 46.
Be7 Kg8 47. Rb8+ Kh7 48. a4 Ra1 49. Ra8 Ra2+ 50. Ke3 Rb2 51. a5 Rb3+ 52. Kf4
Rd3 53. Bc5 c3 54. Bd6 Rd2 55. Ke3 Ra2 56. Rc8 c2 57. Kd2
1-0

[Event "NM for klubblag 2018"]
[Site "Quality Hotel Edvard Grieg, Bergen"]
[Date "2018.05.10"]
[Round "6"]
[White "Manne, Per Erik"]
[Black "Moen, Ole Christian"]
[Result "0-1"]
[WhiteElo "2184"]
[BlackElo "2194"]
[PlyCount "86"]
[EventDate "2018.??.??"]

1. e4 e5 2. Nf3 Nc6 3. Bb5 a6 4. Ba4 d6 5. O-O g6 6. Bxc6+ bxc6 7. d4 f6 8. Qd3
Qd7 9. Rd1 Bg7 10. c4 Nh6 11. Nc3 Nf7 12. b3 O-O 13. Bb2 Qg4 14. h3 Qe6 15. d5
Qe8 16. c5 Bb7 17. Rac1 f5 18. exf5 e4 19. Nxe4 Bxb2 20. fxg6 hxg6 21. Rc2 cxd5
22. Ng3 Ne5 23. Nxe5 Bxe5 24. c6 Bxc6 25. Rdc1 Bb5 26. Qxd5+ Qf7 27. Qxf7+ Rxf7
28. Rxc7 Raf8 29. Ne4 Rxc7 30. Rxc7 d5 31. Rc5 Rd8 32. Ng5 Rd6 33. a4 Bd7 34.
Kf1 Bf6 35. Nf3 d4 36. Ke2 Kf7 37. g4 Bc6 38. Ne1 Be7 39. Kd3 Re6 40. Rc1 Bg5
41. Rc5 Be7 42. Rc1 Ba3 43. Rd1 Bb4
0-1

[Event "NM for klubblag 2018"]
[Site "Quality Hotel Edvard Grieg, Be"]
[Date "2018.05.10"]
[Round "6"]
[White "Myrheim, HÃ¥kon Abeland"]
[Black "Martinsen, Stig K"]
[Result "1/2-1/2"]
[WhiteElo "1890"]
[BlackElo "2205"]
[PlyCount "73"]
[EventDate "2018.??.??"]

1. e4 d6 2. d4 Nf6 3. Nc3 g6 4. Bg5 c6 5. Qd2 Bg7 6. Bh6 Bxh6 7. Qxh6 Qa5 8.
Qd2 Nbd7 9. Nge2 b5 10. f3 h5 11. Nc1 a6 12. Bd3 Qb6 13. Qf2 O-O 14. O-O e5 15.
dxe5 Qxf2+ 16. Kxf2 dxe5 17. Rd1 Nc5 18. Nb3 Nb7 19. a4 b4 20. Na2 a5 21. Bc4
Nd7 22. Nd2 Nb6 23. b3 Nd6 24. Be2 Be6 25. Nc1 f5 26. Kg1 Rfe8 27. Nd3 Nd7 28.
Nb2 Nc5 29. Nbc4 Bxc4 30. Nxc4 Nxc4 31. Bxc4+ Kg7 32. Rd6 fxe4 33. fxe4 Rac8
34. Re1 Rc7 35. Kf2 Rf8+ 36. Kg3 Rf4 37. Bd3 1/2-1/2

[Event "NM for klubblag 2018"]
[Site "Quality Hotel Edvard Grieg, Bergen"]
[Date "2018.05.10"]
[Round "6"]
[White "Storme, Isak"]
[Black "Melkevik, Johannes"]
[Result "1-0"]
[WhiteElo "2313"]
[BlackElo "1846"]
[PlyCount "71"]
[EventDate "2018.??.??"]

1. d4 f5 2. Nc3 Nf6 3. Bg5 d5 4. Bxf6 exf6 5. e3 Be6 6. Qf3 c6 7. Bd3 g6 8.
Nge2 Bd6 9. Nf4 Bf7 10. O-O-O Nd7 11. h3 Qc7 12. g4 fxg4 13. hxg4 O-O-O 14.
Nce2 Ne5 15. Qg2 Nxd3+ 16. Nxd3 Be6 17. Nef4 Rhe8 18. Kb1 Bg8 19. g5 f5 20. Qf1
Kb8 21. Qe1 Ka8 22. Qc3 b6 23. b4 Rc8 24. Rhg1 Qe7 25. Ka1 Qg7 26. Qb2 Red8 27.
a3 Qe7 28. Ne2 Rb8 29. Qc3 Rbc8 30. Rb1 Rd7 31. Nec1 c5 32. bxc5 bxc5 33. dxc5
Rxc5 34. Nxc5 Be5 35. Rb8+ Kxb8 36. Nxd7+
1-0

[Event "NM for klubblag 2018"]
[Site "Quality Hotel Edvard Grieg, Bergen"]
[Date "2018.05.10"]
[Round "6"]
[White "Nordquelle, Daniel"]
[Black "Mihajlov, Sebastian"]
[Result "0-1"]
[WhiteElo "2287"]
[BlackElo "2392"]
[PlyCount "66"]
[EventDate "2018.??.??"]

1. e4 e5 2. Nf3 Nc6 3. Bc4 Bc5 4. O-O d6 5. d3 Nf6 6. a4 a5 7. c3 O-O 8. Na3 h6
9. h3 Ne7 10. Nc2 Ng6 11. Re1 c6 12. Be3 Bxe3 13. Nxe3 Nf4 14. Bb3 Re8 15. Bc2
Nh7 16. h4 Nf6 17. g3 Ng6 18. d4 Be6 19. dxe5 Nxe5 20. Nd4 Qb6 21. b3 Rad8 22.
Kg2 Bc8 23. f4 Neg4 24. Nc4 Qc5 25. Qf3 d5 26. exd5 Nxd5 27. Be4 Nxc3 28. Qxc3
Rxd4 29. Bxc6 Qxc6+ 30. Qf3 Qxf3+ 31. Kxf3 Rd3+ 32. Kg2 Be6 33. Kg1 Rxg3+
0-1

[Event "NM for klubblag 2018"]
[Site "Quality Hotel Edvard Grieg, Be"]
[Date "2018.05.10"]
[Round "6"]
[White "Murugesh, Niran-Jan"]
[Black "Sviland, Atle"]
[Result "1/2-1/2"]
[WhiteElo "1567"]
[BlackElo "1794"]
[PlyCount "100"]
[EventDate "2018.??.??"]

1. e4 e6 2. d3 d5 3. Nd2 Nf6 4. g3 dxe4 5. dxe4 Bc5 6. e5 Qd4 7. Qe2 Ng4 8. Ne4
Nxe5 9. c3 Qd5 10. Bf4 Ng6 11. Bxc7 O-O 12. Bg2 Kh8 13. Rd1 Qc6 14. Bxb8 Rxb8
15. Nf3 Be7 16. O-O b6 17. Nd4 Qa4 18. b3 Qe8 19. Qh5 Bd7 20. h4 f5 21. Ng5
Bxg5 22. Qxg5 e5 23. h5 Ne7 24. h6 gxh6 25. Qxh6 exd4 26. Rxd4 Ng6 27. Qd2 Be6
28. Re1 Qf7 29. Rd6 Rbe8 30. Qd4+ Qf6 31. Rdxe6 Rxe6 32. Rxe6 Qg7 33. Qxg7+
Kxg7 34. f4 h5 35. c4 h4 36. Kf2 Rd8 37. Re2 Rd3 38. Bf3 Kf6 39. gxh4 Nxh4 40.
Bd5 Ng6 41. Re6+ Kg7 42. Re3 Nxf4 43. Re7+ Kf6 44. Rxa7 Nxd5 45. cxd5 Rxd5 46.
Ra6 Rd6 47. a4 Ke5 48. a5 bxa5 49. Rxa5+ Rd5 50. b4 Rxa5 1/2-1/2

[Event "NM for klubblag 2018"]
[Site "Quality Hotel Edvard Grieg, Bergen"]
[Date "2018.05.10"]
[Round "6"]
[White "Tisdall, Jonathan D"]
[Black "Tari, Aryan"]
[Result "0-1"]
[WhiteElo "2402"]
[BlackElo "2603"]
[PlyCount "44"]
[EventDate "2018.??.??"]

1. Nf3 d5 2. b3 Bg4 3. Bb2 Bxf3 4. gxf3 Nf6 5. e3 Nbd7 6. c4 c6 7. f4 g6 8. Qc2
Bg7 9. h4 O-O 10. Be2 b5 11. h5 bxc4 12. f5 Ne4 13. Bxg7 Kxg7 14. bxc4 e5 15.
Nc3 gxf5 16. cxd5 cxd5 17. Nxd5 Rc8 18. Qb2 Rc5 19. h6+ Kh8 20. Nf4 Qa5 21. Rb1
Rfc8 22. Bd3 Rc2
0-1

[Event "NM for klubblag 2018"]
[Site "Quality Hotel Edvard Grieg, Be"]
[Date "2018.05.10"]
[Round "6"]
[White "Watkins, Christian"]
[Black "Zachariassen, Bjarne"]
[Result "1/2-1/2"]
[WhiteElo "1437"]
[BlackElo "1958"]
[PlyCount "103"]
[EventDate "2018.??.??"]

1. d4 Nf6 2. Bf4 b6 3. c4 e6 4. Nc3 Bb7 5. e3 Be7 6. Nf3 O-O 7. Bd3 d6 8. Qc2
Re8 9. Ne4 Bxe4 10. Bxe4 Nxe4 11. Qxe4 d5 12. Qc2 Bb4+ 13. Ke2 dxc4 14. Qxc4
Bd6 15. Bg3 Nd7 16. Rad1 Qe7 17. Rhe1 e5 18. Bh4 Qe6 19. Qxe6 Rxe6 20. Bg3 f6
21. dxe5 Nxe5 22. Nd4 Ree8 23. Nb5 Red8 24. Nxd6 Rxd6 25. Rxd6 cxd6 26. Rd1 Rd8
27. Bxe5 fxe5 28. e4 Kf7 29. Rc1 Rd7 30. h4 Ke6 31. Rc6 Rf7 32. g3 Kd7 33. Rc3
g6 34. Rf3 Re7 35. h5 gxh5 36. Rf5 Kc6 37. Rxh5 Kc5 38. Kd3 Rf7 39. Rf5 Rxf5
40. exf5 d5 41. g4 Kd6 42. Ke3 h6 43. f4 e4 44. b4 b5 45. Kd4 Ke7 46. Ke3 Kf7
47. Kd4 Kf6 48. Ke3 h5 49. gxh5 Kxf5 50. Kd4 Kf6 51. Ke3 Kf5 52. Kd4 1/2-1/2